Diccionario de uso del español de Chile
Uloženo v:
| Korporativní autor: | |
|---|---|
| Médium: | Kniha |
| Jazyk: | španělština |
| Vydáno: |
Santiago
MN
2010
|
| Témata: | |
| Tagy: |
Přidat tag
Žádné tagy, Buďte první, kdo vytvoří štítek k tomuto záznamu!
|
MARC
| LEADER | 00000nam a2200000 a 4500 | ||
|---|---|---|---|
| 001 | UCG4262 | ||
| 003 | CL-VaPUC | ||
| 008 | 101021e20100000CL |||||||||||||||||spa|d | ||
| 020 | |a 9789562942874 | ||
| 082 | 0 | 4 | |a 463 |b ACA |2 21 |
| 110 | 2 | |a Academia Chilena de la Lengua |e author |9 553618 | |
| 245 | 1 | 0 | |a Diccionario de uso del español de Chile |
| 300 | |a 965 p | ||
| 942 | |c BK | ||
| 945 | |d 20101021 00:00:00 |a mfarfan | ||
| 260 | |a Santiago |b MN |c 2010 | ||
| 650 | 0 | |a Español |9 255372 | |
| 650 | 0 | |a Diccionarios |9 256200 | |
| 651 | 7 | |a CHILE |2 CL-VaPUC |9 553619 | |
| 583 | |a last modification |c 20101021 00:00:00 |k Rodrigo Vera | ||
| 999 | |c 343083 |d 343081 | ||
| 952 | |0 0 |1 0 |4 0 |6 463_000000000000000_ACA_2010 |7 0 |8 X |9 440047 |a BIBEDU |b BIBEDU |d 2019-11-22 |i 4727940 |l 1 |o 463 ACA 2010 |p 4727940 |r 2023-01-13 |s 2022-04-12 |w 2019-11-22 |y BK_X |k LIT | ||
| 952 | |0 0 |1 0 |4 0 |6 463_000000000000000_ACA_2010 |7 0 |8 X |9 440048 |a BIBEDU |b BIBEDU |d 2019-11-22 |i 4727959 |o 463 ACA 2010 |p 4727959 |r 2023-01-13 |w 2019-11-22 |y BK_X |k LIT | ||
| 952 | |0 0 |1 0 |4 0 |6 463_000000000000000_ACA_2010 |7 0 |8 X |9 440049 |a BIBEDU |b BIBEDU |d 2019-11-22 |i 4727967 |l 1 |o 463 ACA 2010 |p 4727967 |r 2023-01-13 |s 2022-04-12 |w 2019-11-22 |y BK_X |k LIT | ||
| 952 | |0 0 |1 0 |4 0 |6 463_000000000000000_ACA_2010 |7 0 |8 X |9 440050 |a BIBEDU |b BIBEDU |d 2019-11-22 |i 4727975 |l 1 |o 463 ACA 2010 |p 4727975 |r 2023-01-13 |s 2022-04-12 |w 2019-11-22 |y BK_X |k LIT | ||
| 952 | |0 0 |1 0 |4 0 |6 463_000000000000000_ACA_2010 |7 0 |8 X |9 440051 |a BIBEDU |b BIBEDU |d 2019-11-22 |i 4727983 |l 1 |o 463 ACA 2010 |p 4727983 |r 2023-01-13 |s 2022-04-12 |w 2019-11-22 |y BK_X |k LIT | ||
| 952 | |0 0 |1 0 |4 0 |6 463_000000000000000_ACA_2010 |7 0 |8 A |9 440052 |a FDOPOS |b FDOPOS |d 2019-11-22 |i 4729277 |o 463 ACA 2010 |p 4729277 |r 2025-01-22 |w 2019-11-22 |y BK |k DLA | ||
| 952 | |0 0 |1 0 |4 0 |6 463_000000000000000_ACA_2010 |7 0 |8 A |9 440053 |a FDOPOS |b FDOPOS |d 2019-11-22 |i 4729285 |o 463 ACA 2010 |p 4729285 |r 2025-01-22 |w 2019-11-22 |y BK |k DLA | ||
| 952 | |0 0 |1 0 |4 0 |6 463_000000000000000_ACA_2010 |7 0 |8 C |9 440054 |a BIBCUR |b BIBCUR |d 2019-11-22 |i 4748794 |l 3 |o 463 ACA 2010 |p 4748794 |r 2025-04-22 |s 2025-01-06 |w 2019-11-22 |y BK |k CAC | ||
| 952 | |0 0 |1 0 |4 0 |6 463_000000000000000_ACA_2010 |7 0 |8 C |9 440055 |a BIBCUR |b BIBCUR |d 2019-11-22 |i 4752430 |l 1 |m 1 |o 463 ACA 2010 |p 4752430 |r 2025-04-22 |s 2023-08-09 |w 2019-11-22 |y BK |k CAC | ||
| 952 | |0 0 |1 0 |4 0 |6 463_000000000000000_ACA_2010 |7 0 |8 X |9 440056 |a FDOBUD |b FDOBUD |d 2019-11-22 |i 4787277 |o 463 ACA 2010 |p 4787277 |r 2019-11-22 |w 2019-11-22 |y BK_X |k BUD | ||